Cooperativismo Latinoamericano en cifras / (Registro nro. 7774)
[ vista simple ]
| 000 -LEADER | |
|---|---|
| fixed length control field | 01812nam a2200205Ia 4500 |
| 003 - CONTROL NUMBER IDENTIFIER | |
| control field | OSt |
| 005 - DATE AND TIME OF LATEST TRANSACTION | |
| control field | 20210430193149.0 |
| 008 - FIXED-LENGTH DATA ELEMENTS--GENERAL INFORMATION | |
| fixed length control field | 210310s1995 ck ab gr 000 0 spa d |
| 020 ## - INTERNATIONAL STANDARD BOOK NUMBER | |
| International Standard Book Number | 9589584004 |
| 040 ## - CATALOGING SOURCE | |
| Original cataloging agency | CO-JMCR |
| Transcribing agency | CO-JMCR |
| 041 0# - LANGUAGE CODE | |
| Language code of text/sound track or separate title | spa |
| 082 04 - DEWEY DECIMAL CLASSIFICATION NUMBER | |
| Classification number | 334.0919 / |
| Item number | O686c |
| Edition number | 23 |
| 110 1# - MAIN ENTRY--CORPORATE NAME | |
| Corporate name or jurisdiction name as entry element | Organización de las Cooperativas de América, OCA |
| 9 (RLIN) | 37320 |
| 245 10 - TITLE STATEMENT | |
| Title | Cooperativismo Latinoamericano en cifras / |
| Statement of responsibility, etc. | Organización de las Cooperativas de América, OCA |
| 260 ## - PUBLICATION, DISTRIBUTION, ETC. | |
| Place of publication, distribution, etc. | Bogotá : |
| Name of publisher, distributor, etc. | Consultamerica, |
| Date of publication, distribution, etc. | 1995 |
| 300 ## - PHYSICAL DESCRIPTION | |
| Extent | 237 páginas : |
| Other physical details | ilustraciones, gráficas y mapas a color ; |
| Dimensions | 22 cm. |
| 520 3# - SUMMARY, ETC. | |
| Summary, etc. | Sistema Latinoamericano de informática Cooperativa. Establecido por la Organización de las Cooperativas de América Latina, el cual tiene como objetivos centrales: Recopilar, consolidar y difundir información actualizada de todos los países de la Región sobre el sector cooperativo, permitiendo disponer de estadísticas vigentes y confiables para efectos de planificación y la adecuada toma de decisiones gerenciales; facilita la articulación de definiciones estratégicas; impulsa iniciativas transnacionales del cooperativismo, habilitándolo para expandir sus mercados y consecuentemente competir con posibilidades de éxito tanto a nivel nacional como internacional. Este ambicioso, pionero en América Latina, que supera una tradicional deficiencia en el cooperativismo, hoy vincula a prácticamente todos los organismos regionales del sector cooperativo (ACI-Américas; CCC-CA y ALCECOOP), a las Entidades cúpula Nacionales y a los Entes Gubernamentales de acción cooperativa y cuenta con el apoyo de Agencia de Cooperación Internacional que han advertido y apreciado la importancia del mismo. |
| 650 14 - SUBJECT ADDED ENTRY--TOPICAL TERM | |
| Topical term or geographic name entry element | Cooperativas |
| 9 (RLIN) | 15420 |
| General subdivision | Estadísticas |
| Geographic subdivision | América Latina |
| 942 ## - ADDED ENTRY ELEMENTS (KOHA) | |
| Source of classification or shelving scheme | Dewey Decimal Classification |
| Koha item type | Books |
| Withdrawn status | Lost status | Source of classification or shelving scheme | Damaged status | Not for loan | Collection code | Home library | Current library | Date acquired | Source of acquisition | Full call number | Barcode | Date last seen | Copy number | Koha item type |
|---|---|---|---|---|---|---|---|---|---|---|---|---|---|---|
| Dewey Decimal Classification | Non-fiction | Biblioteca Pública José María del Castillo y Rada | Biblioteca Pública José María del Castillo y Rada | 04/15/2018 | Donación | 334.0919 / O686c | 430003725 | 05/16/2024 | Ej.1 | Books |